000
00258nam a22001217a 4500
008
170608b xxu||||| |||| 00| 0 eng d
041
_a
eng
080
_a
327
100
_a
18
101
_a
SHP
245
_a
FOUNDATION POLITICS
_c
SPROUT.S
942
_2
udc
_c
BK
999
_c
16491
_d
16491